[Event "European Senior Chess Championship 2018"]
[Site "Drammen, Norway"]
[Date "2018.08.03"]
[Round "2"]
[White "Voll, Oddvar U"]
[Black "Holst, Conny"]
[Result "1/2-1/2"]
[WhiteElo "1907"]
[BlackElo "2147"]
[PlyCount "56"]
[EventDate "2018.??.??"]

1. e4 c5 2. c3 Nf6 3. e5 Nd5 4. Nf3 e6 5. d4 cxd4 6. cxd4 d6 7. Nc3 Nc6 8. exd6
Bxd6 9. Bd3 h6 10. O-O O-O 11. Re1 Bd7 12. a3 Rc8 13. Bb1 Nf6 14. Qd3 Ne7 15.
Ne5 Bc6 16. Qh3 Nf5 17. Bxf5 exf5 18. Nxc6 Rxc6 19. Qxf5 Bc7 20. Be3 Ba5 21.
Rac1 Rd6 22. Red1 Bb6 23. d5 Bxe3 24. fxe3 Qb6 25. Qf4 Rfd8 26. Kh1 g5 27. Qf5
Qxe3 28. h3 a6
1/2-1/2

[Event "European Senior Chess Championship 2018"]
[Site "Drammen, Norway"]
[Date "2018.08.03"]
[Round "2"]
[White "Jensen, Thore Nyboe"]
[Black "Lystad, Frank"]
[Result "1/2-1/2"]
[WhiteElo "2083"]
[BlackElo "1733"]
[PlyCount "50"]
[EventDate "2018.??.??"]

1. e4 d6 2. d4 Nf6 3. Nc3 Nbd7 4. Bc4 e5 5. Nf3 Be7 6. O-O c6 7. Re1 Qc7 8. h3
h6 9. a4 a5 10. Ba2 Nf8 11. Be3 Ng6 12. Qd2 Nh5 13. Ne2 Nh4 14. Nxh4 Bxh4 15.
dxe5 dxe5 16. Bc5 Be7 17. Bxe7 Qxe7 18. Rad1 Be6 19. Bxe6 Qxe6 20. g4 Nf6 21.
Ng3 g6 22. Re3 O-O 23. Rd3 Kh7 24. Rd6 Qe7 25. b3 Nd5
1/2-1/2

[Event "European Senior Chess Championship 2018"]
[Site "Drammen, Norway"]
[Date "2018.08.03"]
[Round "2"]
[White "Jorgensen, Asle"]
[Black "Larsen, Per Magnus"]
[Result "1-0"]
[WhiteElo "1628"]
[BlackElo "1322"]
[PlyCount "107"]
[EventDate "2018.??.??"]

1. e4 e6 2. d4 d5 3. Nd2 Be7 4. g3 Nf6 5. Bg2 O-O 6. e5 Nfd7 7. Nh3 c5 8. c3
cxd4 9. cxd4 f6 10. Nf4 Nb6 11. Bh3 f5 12. O-O Bg5 13. Nf3 Bh6 14. b3 Bd7 15.
a4 Nc8 16. Ba3 Rf7 17. Nd3 Ne7 18. Nc5 Bc8 19. Ra2 Nbc6 20. Rc2 b6 21. Nd3 Bd7
22. Nb4 Nxb4 23. Bxb4 Rc8 24. Ne1 Rc6 25. f4 a5 26. Ba3 g6 27. Rg2 Bc8 28. g4
Bf8 29. Nf3 Rg7 30. Ng5 h6 31. Nf3 Ba6 32. Re1 Nc8 33. Bc1 Ne7 34. Nh4 Rc3 35.
Rg3 Rxg3+ 36. hxg3 Nc6 37. Bf1 Bxf1 38. Rxf1 Qc8 39. Be3 Nb4 40. g5 h5 41. Qe2
Kh7 42. Qb5 Qb8 43. Rc1 Rc7 44. Rxc7+ Qxc7 45. Qe8 Qg7 46. Qxe6 Nc2 47. Bf2
Nxd4 48. Bxd4 Bc5 49. Bxc5 bxc5 50. Qxd5 Qa7 51. Kh2 Qa6 52. Qf7+ Kh8 53. Nxg6+
Qxg6 54. Qxg6
1-0

[Event "European Senior Chess Championship 2018"]
[Site "Drammen, Norway"]
[Date "2018.08.03"]
[Round "2"]
[White "Stubrud, Jan Magne"]
[Black "Syvertsen, Finn"]
[Result "1-0"]
[WhiteElo "1667"]
[BlackElo "1426"]
[PlyCount "39"]
[EventDate "2018.??.??"]

1. d4 d5 2. Bf4 e6 3. Nf3 c5 4. e3 cxd4 5. exd4 a6 6. Bd3 Bd6 7. Bg3 Nc6 8. c3
Nf6 9. Ne5 Bxe5 10. dxe5 Nd7 11. f4 Nc5 12. Bc2 O-O 13. Nd2 Ne7 14. Bh4 g6 15.
Qg4 Qe8 16. Bf6 Nf5 17. Bxf5 exf5 18. Qg5 Ne6 19. Qh6 Bd7 20. Nf3
1-0

[Event "European Senior Chess Championship 2018"]
[Site "Drammen, Norway"]
[Date "2018.08.03"]
[Round "3"]
[White "Clark, Gary M"]
[Black "Gayson, Peter M"]
[Result "1/2-1/2"]
[WhiteElo "2285"]
[BlackElo "2150"]
[PlyCount "25"]
[EventDate "2018.??.??"]

1. d4 f5 2. Bg5 g6 3. Nc3 Bg7 4. h4 h6 5. Bf4 Nf6 6. Qd3 d6 7. O-O-O O-O 8. e4
fxe4 9. Nxe4 Nc6 10. Nxf6+ Rxf6 11. Qd2 Qf8 12. Bc4+ Kh8 13. Ne2
1/2-1/2

[Event "European Senior Chess Championship 2018"]
[Site "Drammen, Norway"]
[Date "2018.08.03"]
[Round "3"]
[White "Sielicki, Tomasz"]
[Black "Eriksen, Terje"]
[Result "1/2-1/2"]
[WhiteElo "1956"]
[BlackElo "2142"]
[PlyCount "23"]
[EventDate "2018.??.??"]

1. d4 Nf6 2. Bg5 e6 3. Nd2 h6 4. Bh4 d5 5. e3 c5 6. c3 Nc6 7. Ngf3 Be7 8. Bd3
b6 9. Qe2 Bb7 10. O-O-O Qc7 11. Kb1 O-O-O 12. Bg3
1/2-1/2

[Event "European Senior Chess Championship 2018"]
[Site "Drammen, Norway"]
[Date "2018.08.03"]
[Round "3"]
[White "Van Den Bersselaar, Henri"]
[Black "Jensen, Thore Nyboe"]
[Result "0-1"]
[WhiteElo "1897"]
[BlackElo "2083"]
[PlyCount "76"]
[EventDate "2018.??.??"]

1. d4 Nf6 2. c3 d5 3. e3 Bg4 4. Qb3 Qc8 5. Bd3 Bh5 6. f3 Bg6 7. Qc2 c5 8. Nd2
e6 9. Ne2 Nc6 10. dxc5 Bxc5 11. Nb3 Bb6 12. Bd2 e5 13. Bxg6 hxg6 14. O-O-O Qe6
15. Rdf1 O-O-O 16. f4 Ng4 17. f5 gxf5 18. Qxf5 Qxf5 19. Rxf5 f6 20. Rf3 Nxh2
21. Rg3 g5 22. Rh3 Rxh3 23. gxh3 Nf3 24. Rf1 e4 25. Ng1 Nxg1 26. Rxg1 Ne5 27.
Nd4 Rh8 28. Nf5 Kd7 29. Rh1 Nf3 30. Kd1 Bc7 31. Be1 g4 32. h4 Rh5 33. Ng7 Rh7
34. Nf5 Ke6 35. Nd4+ Kf7 36. Nf5 Kg6 37. Ng3 Nxe1 38. h5+ Kg5
0-1

[Event "European Senior Chess Championship 2018"]
[Site "Drammen, Norway"]
[Date "2018.08.03"]
[Round "3"]
[White "Kopperud, Vidar Aleksander"]
[Black "Rishovd, Svein"]
[Result "0-1"]
[WhiteElo "1742"]
[BlackElo "2046"]
[PlyCount "54"]
[EventDate "2018.??.??"]

1. d4 d5 2. c4 e6 3. Nc3 Bb4 4. e3 Nf6 5. Bd2 O-O 6. Nf3 b6 7. cxd5 exd5 8. Bd3
Ba6 9. Bxa6 Nxa6 10. O-O c5 11. a3 Bxc3 12. Bxc3 Ne4 13. Nd2 Nd6 14. Qf3 Nb5
15. Rac1 cxd4 16. Bxd4 Nxd4 17. exd4 Qd6 18. Qd3 Nc7 19. Nf3 f6 20. Nh4 Rfe8
21. Nf5 Qd7 22. Rfe1 Ne6 23. Ne3 Rad8 24. Rc2 Qf7 25. Rd1 Qh5 26. Qf5 Qxd1+ 27.
Nxd1 Nxd4
0-1

[Event "European Senior Chess Championship 2018"]
[Site "Drammen, Norway"]
[Date "2018.08.03"]
[Round "3"]
[White "Stubrud, Jan Magne"]
[Black "Krohg, Georg A"]
[Result "0-1"]
[WhiteElo "1667"]
[BlackElo "1956"]
[PlyCount "72"]
[EventDate "2018.??.??"]

1. d4 d5 2. Bf4 c5 3. e3 Nc6 4. Nc3 c4 5. Be2 Nf6 6. Nf3 Bf5 7. O-O a6 8. Nh4
Bg6 9. Nxg6 hxg6 10. Bf3 e6 11. b3 Qa5 12. Ne2 c3 13. a3 Bxa3 14. Qd3 Qb4 15.
Ra2 Qe7 16. Qxc3 Bb4 17. Qb2 Bd6 18. c3 Bxf4 19. exf4 Qd6 20. Re1 g5 21. Qd2 g4
22. Ng3 gxf3 23. Nf5 Qf8 24. Qd3 fxg2 25. Rae2 O-O-O 26. Ne3 Rh3 27. Kxg2 Qh8
28. Rh1 Nh5 29. Qc2 Nxf4+ 30. Kf1 Rxh2 31. Rxh2 Qxh2 32. Ke1 Qh1+ 33. Nf1 Nxe2
34. Qxe2 Qe4 35. Ne3 Qb1+ 36. Qd1 Qxd1+
0-1

[Event "European Senior Chess Championship 2018"]
[Site "Drammen, Norway"]
[Date "2018.08.03"]
[Round "3"]
[White "Johansen, Arild"]
[Black "Jorgensen, Asle"]
[Result "1-0"]
[WhiteElo "1935"]
[BlackElo "1628"]
[PlyCount "77"]
[EventDate "2018.??.??"]

1. Nf3 d5 2. d4 Nf6 3. c4 e6 4. Nc3 c6 5. e3 Bd6 6. Bd3 O-O 7. O-O Nbd7 8. Qe2
Re8 9. cxd5 exd5 10. b3 Qc7 11. h3 Ne4 12. Bb2 Nxc3 13. Bxc3 Nf6 14. Rac1 Bd7
15. Bb2 Rac8 16. Qc2 h6 17. a3 Ne4 18. b4 a6 19. Ne5 Nf6 20. f4 Qd8 21. Bc3 Be6
22. Be1 Nd7 23. f5 Nxe5 24. dxe5 Bd7 25. exd6 Rxe3 26. Bd2 Re5 27. Bf4 Re8 28.
Rce1 Qf6 29. Bg3 b6 30. Qf2 c5 31. Bxa6 Ra8 32. Rxe8+ Bxe8 33. Re1 d4 34. Bc4
b5 35. Bd5 Rc8 36. bxc5 Bd7 37. Bh4 Qxf5 38. Qxf5 Bxf5 39. c6
1-0

[Event "European Senior Chess Championship 2018"]
[Site "Drammen, Norway"]
[Date "2018.08.03"]
[Round "3"]
[White "Frimanslund, Berge"]
[Black "Kirppo, Ronny"]
[Result "1/2-1/2"]
[WhiteElo "1521"]
[BlackElo "1885"]
[PlyCount "80"]
[EventDate "2018.??.??"]

1. d4 Nf6 2. c4 e6 3. a3 b6 4. Nc3 d5 5. e3 Be7 6. Nf3 O-O 7. cxd5 exd5 8. Be2
Nbd7 9. Ne5 Bb7 10. Bf3 Ne4 11. Nxd7 Qxd7 12. O-O Nxc3 13. bxc3 c5 14. Bb2 c4
15. Qe2 f5 16. a4 Bc6 17. a5 b5 18. Ba3 Bxa3 19. Rxa3 Qd6 20. Qb2 a6 21. Qb4
Qxb4 22. cxb4 Rad8 23. g3 Be8 24. Rc3 Rf6 25. Re1 Kf7 26. Kg2 Rh6 27. h4 Ke7
28. Rh1 Kd6 29. Bd1 Rd7 30. f4 Re7 31. Kf2 Bh5 32. Bxh5 Rxh5 33. Kf3 Rh6 34.
Re1 Rhe6 35. Re2 Re4 36. Kf2 Ke6 37. Kf3 Kf6 38. Rg2 h5 39. Rh2 Kg6 40. Rg2 Kf6
1/2-1/2

[Event "European Senior Chess Championship 2018"]
[Site "Drammen, Norway"]
[Date "2018.08.03"]
[Round "3"]
[White "Syvertsen, Rolf E"]
[Black "Hansen, Roy Drange"]
[Result "1-0"]
[WhiteElo "1884"]
[BlackElo "1468"]
[PlyCount "85"]
[EventDate "2018.??.??"]

1. d4 d5 2. Bf4 Nf6 3. e3 g6 4. Nf3 Bg7 5. h3 O-O 6. Bd3 b6 7. Qe2 Nbd7 8. Nbd2
a6 9. O-O c5 10. c3 Re8 11. Ne5 Bb7 12. g4 Ne4 13. Rfd1 f6 14. Nxd7 Qxd7 15.
Nxe4 dxe4 16. Bc4+ Kh8 17. dxc5 Qc8 18. cxb6 e5 19. Bg3 Qc5 20. Rd7 Qxb6 21.
Rad1 Bf8 22. Qc2 Bc6 23. R7d2 f5 24. Bd5 f4 25. exf4 e3 26. fxe3 Qxe3+ 27. Bf2
Qxh3 28. Bxc6 Qxg4+ 29. Kf1 exf4 30. Bd4+ Bg7 31. Bxg7+ Kxg7 32. Rd7+ Kh8 33.
Bxa8 f3 34. Qh2 h5 35. R1d4 Qf5 36. Be4 Qg5 37. Rd2 Qb5+ 38. Kg1 Qg5+ 39. Kh1
Qe3 40. Qf2 Qf4 41. Qd4+ Re5 42. Rd8+ Kh7 43. Bxg6+
1-0

[Event "European Senior Chess Championship 2018"]
[Site "Drammen, Norway"]
[Date "2018.08.03"]
[Round "3"]
[White "Skar, Oystein"]
[Black "Gonzalez Pabollet, Jesus Maria S"]
[Result "1-0"]
[WhiteElo "1705"]
[BlackElo "1818"]
[PlyCount "133"]
[EventDate "2018.??.??"]

1. e4 d5 2. exd5 Qxd5 3. Nf3 Bg4 4. Be2 Nf6 5. d4 e6 6. O-O Be7 7. h3 Bh5 8.
Bf4 c6 9. c4 Qa5 10. Nc3 Nbd7 11. Qd2 Bb4 12. Qe3 O-O 13. Rac1 Rfe8 14. Ne5
Bxe2 15. Qxe2 Rad8 16. a3 Be7 17. Rcd1 a6 18. g4 Nxe5 19. dxe5 Nd7 20. Rd3 g5
21. Bg3 Nc5 22. Rxd8 Rxd8 23. Rd1 Nb3 24. Ne4 Nd4 25. Qe3 Nc2 26. Rxd8+ Qxd8
27. Qc3 Nd4 28. Qe3 c5 29. f4 Qb6 30. b4 cxb4 31. c5 Qd8 32. axb4 h6 33. Nd6
Nc6 34. Qe4 Qd7 35. f5 Bd8 36. fxe6 fxe6 37. Qg6+ Qg7 38. Qxe6+ Kh7 39. Qf5+
Kg8 40. Qe6+ Kh7 41. Nf5 Qf8 42. Qd7+ Kg8 43. Qxb7 Ne7 44. Qd7 a5 45. Nxe7+
Bxe7 46. Qd5+ Kg7 47. bxa5 Bxc5+ 48. Kg2 Qc8 49. e6 Be7 50. Be5+ Kg8 51. Bd4
Qc2+ 52. Bf2 Qe2 53. Qf5 Kh8 54. a6 Bc5 55. Qf3 Qxe6 56. Bxc5 Qa2+ 57. Kg3 h5
58. Qf6+ Kh7 59. Qf5+ Kg7 60. Bd4+ Kg8 61. Qxg5+ Kf7 62. Qxh5+ Ke7 63. Bc5+ Kd7
64. Qf5+ Kc6 65. Bf2 Kc7 66. a7 Qa3+ 67. Qf3
1-0

[Event "European Senior Chess Championship 2018"]
[Site "Drammen, Norway"]
[Date "2018.08.03"]
[Round "3"]
[White "Evensen, Per-Erik"]
[Black "Gunnarsson, Lennart"]
[Result "1/2-1/2"]
[WhiteElo "1447"]
[BlackElo "1771"]
[PlyCount "80"]
[EventDate "2018.??.??"]

1. d4 d5 2. c4 c6 3. Nf3 Nf6 4. Nc3 e6 5. a3 Bd6 6. e3 O-O 7. Bd3 Nbd7 8. O-O
b6 9. Re1 Bb7 10. b4 e5 11. dxe5 Nxe5 12. cxd5 cxd5 13. Nd4 Rc8 14. Bb2 g6 15.
Qe2 Nxd3 16. Qxd3 Qe7 17. Rac1 Bb8 18. Qe2 Rfd8 19. Red1 h5 20. Na2 Ng4 21. h3
Ne5 22. Rxc8 Rxc8 23. Rc1 Rxc1+ 24. Nxc1 Nc4 25. Nd3 Qc7 26. g3 Qd7 27. Qf1 Ba6
28. Bc1 Qa4 29. Qg2 Qd1+ 30. Qf1 Qxf1+ 31. Kxf1 Nxe3+ 32. Bxe3 Bxd3+ 33. Ke1
Be5 34. Nc6 Bc3+ 35. Kd1 d4 36. Bxd4 Bxd4 37. Nxd4 Kg7 38. h4 Kf6 39. Kd2 Bf1
40. Ke3 a6
1/2-1/2

[Event "European Senior Chess Championship 2018"]
[Site "Drammen, Norway"]
[Date "2018.08.03"]
[Round "3"]
[White "Lillebo, Hakon"]
[Black "Eng, Thor"]
[Result "1/2-1/2"]
[WhiteElo "1637"]
[BlackElo "1429"]
[PlyCount "61"]
[EventDate "2018.??.??"]

1. d4 Nf6 2. c4 c5 3. d5 b5 4. Qc2 g6 5. e4 d6 6. cxb5 Nbd7 7. b3 Bg7 8. Bb2
O-O 9. Nd2 a6 10. Ngf3 axb5 11. Bxb5 Ba6 12. Bc6 Rb8 13. Nc4 Bxc4 14. Qxc4 Rb4
15. Qc2 Rxe4+ 16. Kf1 Rb4 17. g3 Rb8 18. Kg2 Nb6 19. Rhd1 Qc7 20. a4 e6 21.
Rab1 exd5 22. Bxf6 Qxc6 23. Nd4 Qd7 24. Bxg7 Kxg7 25. Nb5 Rbe8 26. Qd3 Ra8 27.
Ra1 d4 28. Nxd4 c4 29. bxc4 Rxa4 30. Rxa4 Qxa4 31. Nb5
1/2-1/2

[Event "European Senior Chess Championship 2018"]
[Site "Drammen, Norway"]
[Date "2018.08.03"]
[Round "3"]
[White "Hanssen, John Christian"]
[Black "Lie, Bjorn"]
[Result "1-0"]
[WhiteElo "1570"]
[BlackElo "1551"]
[PlyCount "87"]
[EventDate "2018.??.??"]

1. d4 Nf6 2. c4 g6 3. Nc3 d5 4. Bg5 e6 5. Nf3 Bg7 6. e3 O-O 7. Be2 c6 8. O-O
Nbd7 9. c5 h6 10. Bh4 g5 11. Bg3 Ne4 12. Nxe4 dxe4 13. Nd2 f5 14. h3 e5 15. Nb3
exd4 16. Bd6 d3 17. Bh5 Bxb2 18. Rb1 Be5 19. Bxf8 Qxf8 20. Qc1 Nf6 21. Qc4+ Kg7
22. Bd1 Nd5 23. Nd4 Qe7 24. Ba4 Bc7 25. Nxc6 bxc6 26. Bxc6 Qe5 27. Qd4 Qxd4 28.
exd4 Rb8 29. Rxb8 Bxb8 30. Bxd5 Bf4 31. Bb3 Bd2 32. Rd1 Bc3 33. d5 Ba6 34. c6
Ba5 35. d6 Kf8 36. Be6 f4 37. Bf5 e3 38. fxe3 fxe3 39. Bxd3 Bxd3 40. Rxd3 e2
41. Re3 Bb6 42. Kf2 e1=Q+ 43. Kxe1 Bxe3 44. c7
1-0

[Event "European Senior Chess Championship 2018"]
[Site "Drammen, Norway"]
[Date "2018.08.03"]
[Round "3"]
[White "Bergquist, Rune"]
[Black "Larsen, Per Magnus"]
[Result "1-0"]
[WhiteElo "1566"]
[BlackElo "1322"]
[PlyCount "59"]
[EventDate "2018.??.??"]

1. d4 d5 2. c4 e6 3. Nc3 Nf6 4. cxd5 exd5 5. Bg5 Be7 6. Nf3 c6 7. e3 Bf5 8. Qb3
Qb6 9. Qxb6 axb6 10. a3 h6 11. Bxf6 Bxf6 12. Be2 Nd7 13. O-O O-O 14. Rac1 b5
15. Bd1 g5 16. Bc2 Bxc2 17. Rxc2 g4 18. Ne1 Rfe8 19. Nd3 Be7 20. Ne2 Kg7 21.
Ng3 Kg6 22. Nf4+ Kg5 23. h3 gxh3 24. gxh3 Bd6 25. h4+ Kg4 26. f3+ Kxg3 27. Rg2+
Kxh4 28. Kf2 Bxf4 29. Rh1+ Bh2 30. Rhxh2#
1-0

[Event "European Senior Chess Championship 2018"]
[Site "Drammen, Norway"]
[Date "2018.08.03"]
[Round "3"]
[White "Syvertsen, Finn"]
[Black "Warstad, Leif E"]
[Result "0-1"]
[WhiteElo "1426"]
[BlackElo "1564"]
[PlyCount "68"]
[EventDate "2018.??.??"]

1. d4 Nf6 2. Bf4 d5 3. e3 Bf5 4. Nf3 Nc6 5. Ne5 h6 6. Nxc6 bxc6 7. c3 e6 8. Nd2
Be7 9. Nf3 O-O 10. Ne5 Qe8 11. Qa4 Nh5 12. Bg3 Nxg3 13. hxg3 Bd6 14. Qxc6 Bxe5
15. Qxe8 Raxe8 16. dxe5 c5 17. Rh4 Rb8 18. b3 Rfc8 19. g4 Bg6 20. Kd2 c4 21. b4
a5 22. a3 Ra8 23. f4 Rcb8 24. g5 hxg5 25. fxg5 axb4 26. cxb4 Rxb4 27. Be2 Rb2+
28. Ke1 Rb1+ 29. Rxb1 Bxb1 30. Rh1 Rxa3 31. Kd2 Be4 32. Bf3 c3+ 33. Ke1 Ra1+
34. Bd1 c2
0-1

[Event "European Senior Chess Championship 2018"]
[Site "Drammen, Norway"]
[Date "2018.08.03"]
[Round "4"]
[White "Clark, Gary M"]
[Black "Agdestein, Simen"]
[Result "0-1"]
[WhiteElo "2285"]
[BlackElo "2576"]
[PlyCount "116"]
[EventDate "2018.??.??"]

1. d4 f5 2. c4 e6 3. g3 Nf6 4. Bg2 d5 5. Nh3 g6 6. Nd2 Bg7 7. Nf3 Nc6 8. cxd5
Nxd5 9. O-O O-O 10. Bg5 Qd7 11. Qd2 Nf6 12. Bxf6 Bxf6 13. Rfd1 Rd8 14. Qc2 Qe7
15. Nf4 g5 16. Nh5 Bh8 17. h3 Bd7 18. e3 Be8 19. g4 Bg6 20. Qb3 Rab8 21. Rac1
Bf7 22. Qc2 Bxh5 23. gxh5 Bf6 24. Qc4 Kh8 25. b3 Qf7 26. Nh2 Rd6 27. Qe2 Nb4
28. Qc4 Nc6 29. Qe2 Nb4 30. Qc4 Na6 31. Qe2 Qd7 32. Nf3 Rd8 33. Re1 Nb4 34. a3
Nd5 35. Ne5 Qe7 36. Qc4 Bxe5 37. dxe5 Rc6 38. Qb5 Rxc1 39. Rxc1 c6 40. Qc5 Qxc5
41. Rxc5 Nb6 42. Rc3 Kg7 43. Bf3 Rd2 44. b4 Nd7 45. b5 Nxe5 46. Kg2 Nd3 47. Be2
Ne5 48. Bf3 Rd6 49. bxc6 bxc6 50. Rc5 Kf6 51. Ra5 Rd7 52. Ra6 c5 53. Be2 c4 54.
f4 gxf4 55. exf4 Nd3 56. Kf3 Rd4 57. Ke3 Re4+ 58. Kd2 Nxf4
0-1

[Event "European Senior Chess Championship 2018"]
[Site "Drammen, Norway"]
[Date "2018.08.03"]
[Round "4"]
[White "Zimmermann, Luc"]
[Black "Skar, Oystein"]
[Result "1-0"]
[WhiteElo "2184"]
[BlackElo "1705"]
[PlyCount "79"]
[EventDate "2018.??.??"]

1. e4 g6 2. d4 c5 3. dxc5 Qa5+ 4. Nc3 Bg7 5. Bd2 Qxc5 6. Nd5 Na6 7. Nf3 e6 8.
b4 Qd6 9. Bf4 e5 10. Bg5 Qb8 11. Bc4 d6 12. O-O Be6 13. Bb5+ Kf8 14. a3 f6 15.
Bxa6 bxa6 16. Be3 Ne7 17. c4 Kf7 18. Nxe7 Kxe7 19. c5 dxc5 20. bxc5 Rd8 21. Qc2
Qc7 22. Qa4 f5 23. Bg5+ Bf6 24. Bxf6+ Kxf6 25. exf5 gxf5 26. Qh4+ Kg6 27. Qg5+
Kf7 28. Qh6 Rg8 29. Ng5+ Rxg5 30. Qxg5 Rg8 31. Qh5+ Kf6 32. Qh4+ Kf7 33. Qxh7+
Rg7 34. Qh5+ Kf8 35. Rac1 Rh7 36. Qg6 Qe7 37. g3 Rg7 38. Qh6 Kg8 39. c6 Rh7 40.
Qd2
1-0

[Event "European Senior Chess Championship 2018"]
[Site "Drammen, Norway"]
[Date "2018.08.03"]
[Round "4"]
[White "Eriksen, Terje"]
[Black "Lystad, Frank"]
[Result "1-0"]
[WhiteElo "2142"]
[BlackElo "1733"]
[PlyCount "85"]
[EventDate "2018.??.??"]

1. c4 f5 2. g3 Nf6 3. Bg2 e6 4. Nf3 Be7 5. O-O O-O 6. b3 d6 7. Nc3 e5 8. d3 Nc6
9. Bb2 Qe8 10. Nd5 Bd8 11. e4 Qh5 12. Nd2 Qh6 13. exf5 Bxf5 14. Ne4 Nxe4 15.
dxe4 Be6 16. Bc1 Qg6 17. Be3 Ne7 18. Qd2 Nxd5 19. cxd5 Bd7 20. f3 c5 21. dxc6
Bxc6 22. b4 Bb6 23. Bxb6 axb6 24. b5 Be8 25. a4 Bf7 26. Qe3 d5 27. exd5 Bxd5
28. Qxe5 Bc4 29. Rfe1 Rad8 30. f4 Qf7 31. Qe7 Bd5 32. Qxf7+ Kxf7 33. Rac1 Bxg2
34. Rc7+ Kf6 35. Kxg2 Rd2+ 36. Kf3 Ra2 37. Rxb7 Rxa4 38. Rxb6+ Kf7 39. Rb7+ Kf6
40. Rc1 Ra3+ 41. Kg4 h5+ 42. Kxh5 Kf5 43. Rc5+
1-0

[Event "European Senior Chess Championship 2018"]
[Site "Drammen, Norway"]
[Date "2018.08.03"]
[Round "4"]
[White "Krohg, Georg A"]
[Black "Rishovd, Svein"]
[Result "1/2-1/2"]
[WhiteElo "1956"]
[BlackElo "2046"]
[PlyCount "94"]
[EventDate "2018.??.??"]

1. e4 c5 2. Nc3 a6 3. f4 e6 4. g3 b5 5. Bg2 Bb7 6. Qe2 b4 7. Nd1 d5 8. exd5
Bxd5 9. Bxd5 Qxd5 10. Qf3 Nf6 11. Ne3 Qc6 12. b3 Be7 13. Bb2 O-O 14. Qxc6 Nxc6
15. Nf3 Ne4 16. Nc4 Bf6 17. Bxf6 gxf6 18. O-O Rfd8 19. a4 Ra7 20. Rae1 Nd6 21.
Nxd6 Rxd6 22. d3 Kg7 23. Rf2 Nd4 24. Kg2 Rc7 25. Re4 f5 26. Re3 f6 27. Nh4 Kf7
28. h3 h5 29. Kh2 Rc8 30. Kg2 Rcd8 31. Nf3 Rg8 32. Nh4 Rd7 33. Kf1 Ke7 34. Kg2
Kd6 35. Kf1 Rdg7 36. Kg2 Kd5 37. Kh2 Rf7 38. Nf3 Nxf3+ 39. Rexf3 Kd4 40. Re2 e5
41. Rfe3 Re8 42. Kg2 Kd5 43. Kf3 Rg7 44. Kf2 Rh7 45. h4 Rhe7 46. Kf3 Re6 47.
Re1 R6e7
1/2-1/2

[Event "European Senior Chess Championship 2018"]
[Site "Drammen, Norway"]
[Date "2018.08.03"]
[Round "4"]
[White "Syvertsen, Rolf E"]
[Black "Harstad, Christian"]
[Result "1/2-1/2"]
[WhiteElo "1884"]
[BlackElo "1985"]
[PlyCount "80"]
[EventDate "2018.??.??"]

1. d4 Nf6 2. Bf4 d5 3. e3 e6 4. Bd3 c5 5. c3 Nc6 6. Nf3 Bd6 7. Bg3 b6 8. Nbd2
O-O 9. Ne5 Qc7 10. f4 Ne8 11. Ndf3 f6 12. Nxc6 Qxc6 13. O-O c4 14. Bc2 b5 15.
Qe2 f5 16. Ne5 Qc7 17. Bh4 Nf6 18. Kh1 a5 19. h3 b4 20. g4 Bxe5 21. fxe5 Ne4
22. Bxe4 dxe4 23. Rac1 Ba6 24. Qg2 Bb7 25. Kh2 Bd5 26. Be1 bxc3 27. Bxc3 a4 28.
a3 fxg4 29. Qxg4 Rf7 30. Bb4 Ra7 31. Rf4 Rxf4 32. Qxf4 Qf7 33. Rf1 Qxf4+ 34.
Rxf4 Rf7 35. Kg3 h6 36. h4 Rxf4 37. Kxf4 g6 38. Be7 Kf7 39. Bf6 h5 40. Kg5 Bc6
1/2-1/2

[Event "European Senior Chess Championship 2018"]
[Site "Drammen, Norway"]
[Date "2018.08.03"]
[Round "4"]
[White "Ali, Karim"]
[Black "Edvardsen, Ragnar"]
[Result "1-0"]
[WhiteElo "1819"]
[BlackElo "1969"]
[PlyCount "57"]
[EventDate "2018.??.??"]

1. e4 e5 2. Nf3 Nc6 3. Bc4 Nf6 4. d3 Be7 5. Nc3 O-O 6. h3 d6 7. a3 a6 8. Be3 b5
9. Ba2 Bb7 10. O-O Rb8 11. Nd5 h6 12. Qd2 Nh7 13. Rae1 g5 14. Nh2 Kg7 15. h4 f5
16. exf5 Rxf5 17. hxg5 Bxg5 18. f4 exf4 19. Nxf4 Bxf4 20. Bxf4 Ng5 21. Ng4 Kg6
22. Bxg5 Qxg5 23. Re6+ Kg7 24. Qc3+ Ne5 25. Qxc7+ Nf7 26. Rxf5 Qxf5 27. Rf6
Qxg4 28. Qxf7+ Kh8 29. Rxh6#
1-0

[Event "European Senior Chess Championship 2018"]
[Site "Drammen, Norway"]
[Date "2018.08.03"]
[Round "4"]
[White "Andersson, Kjell-Ake"]
[Black "Andersen, Guttorm"]
[Result "1-0"]
[WhiteElo "1940"]
[BlackElo "1767"]
[PlyCount "61"]
[EventDate "2018.??.??"]

1. c4 f5 2. Nf3 d6 3. Nc3 e5 4. d3 Nf6 5. g3 g6 6. Bg2 Bg7 7. O-O O-O 8. Rb1 a5
9. a3 c6 10. b4 Na6 11. Qb3 axb4 12. axb4 Qe7 13. Nd2 Nc7 14. b5 c5 15. Bb2 Ne6
16. Ra1 Nd4 17. Nd5 Nxe2+ 18. Kh1 Nxd5 19. Rxa8 Nf6 20. Re1 Nd4 21. Bxd4 exd4
22. Qa3 Qc7 23. Qa5 Qxa5 24. Rxa5 Nd7 25. Nb3 Bh6 26. Ra7 b6 27. Bd5+ Kh8 28.
Be6 Rd8 29. Rc7 Bf8 30. Ra1 d5 31. cxd5
1-0

[Event "European Senior Chess Championship 2018"]
[Site "Drammen, Norway"]
[Date "2018.08.03"]
[Round "4"]
[White "Voll, Oddvar U"]
[Black "Frimanslund, Berge"]
[Result "1-0"]
[WhiteElo "1907"]
[BlackElo "1521"]
[PlyCount "35"]
[EventDate "2018.??.??"]

1. e4 c5 2. c3 e6 3. d4 cxd4 4. cxd4 Bb4+ 5. Nc3 a6 6. Nf3 d5 7. Bd3 Ne7 8. O-O
O-O 9. a3 Ba5 10. b4 Bc7 11. e5 Ng6 12. Bg5 Qe8 13. Re1 Bd8 14. h4 Nxh4 15.
Bxh4 Bxh4 16. Nxh4 f6 17. exf6 Rxf6 18. Nxd5
1-0

[Event "European Senior Chess Championship 2018"]
[Site "Drammen, Norway"]
[Date "2018.08.03"]
[Round "4"]
[White "Kirppo, Ronny"]
[Black "Van Den Bersselaar, Henri"]
[Result "1-0"]
[WhiteElo "1885"]
[BlackElo "1897"]
[PlyCount "53"]
[EventDate "2018.??.??"]

1. d4 d5 2. c4 e6 3. Nf3 c6 4. cxd5 exd5 5. Bf4 Nf6 6. Nc3 Bf5 7. e3 Qb6 8. Qc1
Nbd7 9. Be2 Bg6 10. O-O Nh5 11. Bg5 Bd6 12. Nh4 f6 13. Bxh5 Bxh2+ 14. Kxh2 fxg5
15. Nf5 Bxh5 16. Nxg7+ Kf7 17. Nxh5 Qc7+ 18. Kg1 Qd6 19. Qd1 Kg6 20. Qg4 Nf6
21. Nxf6 Qxf6 22. f4 h5 23. Qxg5+ Qxg5 24. fxg5 Rae8 25. Rf3 Re7 26. Raf1 Rhe8
27. Kf2
1-0

[Event "European Senior Chess Championship 2018"]
[Site "Drammen, Norway"]
[Date "2018.08.03"]
[Round "4"]
[White "Gonzalez Pabollet, Jesus Maria S"]
[Black "Syvertsen, Finn"]
[Result "1-0"]
[WhiteElo "1818"]
[BlackElo "1426"]
[PlyCount "53"]
[EventDate "2018.??.??"]

1. e4 e5 2. Nf3 Nc6 3. Bb5 d6 4. O-O Bd7 5. c3 Nf6 6. Re1 a6 7. Ba4 Be7 8. d4
O-O 9. h3 b5 10. Bc2 Ne8 11. Be3 Qc8 12. Qd2 Kh8 13. a4 Nb8 14. dxe5 dxe5 15.
Nxe5 Bxh3 16. gxh3 Qxh3 17. Qe2 f6 18. Qg4 Qxg4+ 19. Nxg4 h5 20. Nh2 g5 21.
axb5 a5 22. Nf3 g4 23. Nh4 Rg8 24. Bb3 Rg7 25. Bh6 f5 26. Bxg7+ Nxg7 27. Ng6+
1-0

[Event "European Senior Chess Championship 2018"]
[Site "Drammen, Norway"]
[Date "2018.08.03"]
[Round "4"]
[White "Gunnarsson, Lennart"]
[Black "Lillebo, Hakon"]
[Result "1-0"]
[WhiteElo "1771"]
[BlackElo "1637"]
[PlyCount "81"]
[EventDate "2018.??.??"]

1. d4 d5 2. c4 c6 3. Nc3 Nf6 4. Bg5 e6 5. e3 Be7 6. Nf3 Nbd7 7. Bd3 O-O 8. O-O
dxc4 9. Bxc4 b5 10. Bd3 a6 11. Rc1 Bb7 12. Qe2 c5 13. dxc5 Nxc5 14. Bc2 Nfe4
15. Nxe4 Nxe4 16. Rfd1 Qe8 17. Bxe7 Qxe7 18. Bxe4 Bxe4 19. Rd4 Qb7 20. Ne1 f5
21. f3 Bd5 22. b3 Rad8 23. Rcd1 Qb6 24. Kh1 h6 25. h3 Qc7 26. Qc2 Qe5 27. Qd2
Qg3 28. Kg1 Rc8 29. Qf2 Qg5 30. Nd3 Rc3 31. h4 Qe7 32. Nf4 Rfc8 33. Rxd5 Rc2
34. R5d2 Rxd2 35. Qxd2 Kh7 36. Qd6 Re8 37. Qxe7 Rxe7 38. Rd6 e5 39. Nd5 Ra7 40.
e4 fxe4 41. fxe4
1-0